Child development

שמור ב:
מידע ביבליוגרפי
מחבר ראשי: Santrock, John W.
פורמט: ספר
שפה:Undetermined
יצא לאור: Boston McGraw-Hill 2004
נושאים:
תגים: הוספת תג
אין תגיות, היה/י הראשונ/ה לתייג את הרשומה!
Thư viện lưu trữ: Trung tâm Học liệu Trường Đại học Cần Thơ
LEADER 00543nam a2200193Ia 4500
001 CTU_213519
008 210402s9999 xx 000 0 und d
082 |a 305.231 
082 |b S237 
100 |a Santrock, John W. 
245 0 |a Child development 
245 0 |c John W. Santrock 
260 |a Boston 
260 |b McGraw-Hill 
260 |c 2004 
650 |a Child development,Child psychology 
904 |i Qhieu 
910 |a Sách kèm theo đĩa CD có số: AV.005482 
980 |a Trung tâm Học liệu Trường Đại học Cần Thơ